Cuerpos fotografiados por Vazquez

I tiakina i:
Ngā taipitopito rārangi puna kōrero
Kaituhi rangatōpū: Taller Experimental Cuerpos Pintados (Author)
Hōputu: Pukapuka
Reo:Pāniora
I whakaputaina: Santiago Taller Experimental Cuerpos Pintados 2004
Putanga:1a. ed
Rangatū:Colección Fotografía, C9
Ngā marau:
Ngā Tūtohu: Tāpirihia he Tūtohu
Kāore He Tūtohu, Me noho koe te mea tuatahi ki te tūtohu i tēnei pūkete!

MARC

LEADER 00000cam a2200000 a 4500
001 UCF9406
003 CL-VaPUC
008 131115e20040000cl |||||||||||||||||spa|d
082 0 4 |a 770  |b TAL  |2 21 
110 2 |a Taller Experimental Cuerpos Pintados  |e author  |9 571692 
245 1 0 |a Cuerpos fotografiados por Vazquez 
250 |a 1a. ed 
300 |a pág. irreg 
942 |c BK 
945 |d 20131115 14:49:00  |a dcastane 
260 |a Santiago  |b Taller Experimental Cuerpos Pintados  |c 2004 
500 |a Fotografía por Víctor Vazquez 
650 0 |a Fotografía artística  |9 269391 
650 7 |a FOTOGRAFIA DE PERSONAS  |2 CL-VaPUC  |9 571693 
583 |a last modification  |c 20131128 11:23:58  |k Rodrigo Vera 
490 0 |a Colección Fotografía, C9 
999 |c 353852  |d 353850 
952 |0 0  |1 0  |3 erd  |4 0  |6 770_000000000000000_TAL_2004  |7 0  |8 C  |9 459273  |a BIBCUR  |b BIBCUR  |i 5024994  |o 770 TAL 2004  |p 5024994  |r 2025-04-22  |w 2019-11-23  |y BK  |z Catalogado en:20131115  |k CAC